Loading...
| Fine Arts - Other | 2 | 4 | 2 | 1 | 60 | 49 | 95.33 | 2 | 5 | 0.00 | 0.00 |
| History - World | 1 | 5 | 1 | 2 | 60 | 10 | 107.67 | 1 | 3 | 0.00 | 0.00 |
| Fine Arts - Classical Music | 2 | 2 | 2 | 0 | 40 | 47 | 74.75 | 3 | 4 | 0.00 | 0.00 |
| Fine Arts - Painting and Sculpture | 0 | 4 | 0 | 1 | 40 | 77 | 102.00 | 2 | 3 | 0.00 | 0.00 |
| History - European | 0 | 3 | 1 | 0 | 25 | 75 | 102.33 | 1 | 1 | 0.00 | 0.00 |
| Current Events | 0 | 2 | 0 | 2 | 20 | 138 | 142.50 | 0 | 1 | 0.00 | 0.00 |
| Literature - Long Fiction | 1 | 0 | 1 | 0 | 10 | 59 | 59.00 | 0 | 1 | 0.00 | 0.00 |
| Other Academic | 0 | 1 | 0 | 0 | 10 | 104 | 104.00 | 0 | 1 | 0.00 | 0.00 |
| Short Fiction and Other | 0 | 1 | 0 | 0 | 10 | 98 | 98.00 | 0 | 1 | 0.00 | 0.00 |
| History - Other | 1 | 0 | 2 | 0 | 5 | 58 | 58.00 | 0 | 0 | 0.00 | 0.00 |
| Geography | 0 | 1 | 1 | 0 | 5 | 103 | 103.00 | 0 | 0 | 0.00 | 0.00 |
| History - American | 0 | 0 | 1 | 0 | -5 | 0.00 | 0 | 0 | 0.00 | 0.00 |